Moderná definícia medzinárodného zdaňovania a pravidlá zdanenia úrokov pri cezhraničných transakciách združených spoločností EÚ

Moderná definícia medzinárodného zdanenia. Medzinárodné transakcie. Medzinárodné zdaňovanie - jeho moderná definícia. Holdingové štruktúry. Cezhraničné transakcie medzi spoločnosťami v holdingových štruktúrach. Pravidlá zdanenia úrokov pri cezhraničných transakciách združených spoločností v EÚ. Tran...

ver descrição completa

Na minha lista:
Detalhes bibliográficos
Autor principal: Kubicová, Jana, 1961-
Formato: Capítulo de Livro
Idioma:eslovaco
Assuntos:
Tags: Adicionar Tag
Sem tags, seja o primeiro a adicionar uma tag!

MARC

LEADER 00000naa$a2200000$$$4500
001 0070887
005 20240502071840.8
041 0 |a slo 
044 |a SK 
245 1 0 |a Moderná definícia medzinárodného zdaňovania a pravidlá zdanenia úrokov pri cezhraničných transakciách združených spoločností EÚ  |c Jana Kubicová 
520 |a Moderná definícia medzinárodného zdanenia. Medzinárodné transakcie. Medzinárodné zdaňovanie - jeho moderná definícia. Holdingové štruktúry. Cezhraničné transakcie medzi spoločnosťami v holdingových štruktúrach. Pravidlá zdanenia úrokov pri cezhraničných transakciách združených spoločností v EÚ. Transpozícia smernice Rady o zdaňovaní úrokov do daňovej legislatívy Slovenskej republiky. 
610 2 0 |a zdaňovanie medzinárodné 
610 2 0 |a dane 
610 2 0 |a zdanenie dvojité 
610 2 0 |a podnikanie medzinárodné 
610 2 0 |a spolupráca cezhraničná 
610 2 0 |a spoločnosti 
610 2 0 |a holding 
610 2 0 |a právo obchodné 
610 2 0 |a legislatíva 
610 2 0 |a Európska únia 
100 1 |a Kubicová, Jana, 1961-